| 000 | 00540nam a22001577a 4500 | ||
|---|---|---|---|
| 999 |
_c534628 _d534628 |
||
| 020 | _qHard Cover. | ||
| 082 | _a660 | ||
| 100 | _a Iqbal.Hafsa | ||
| 245 |
_a Antimicrobial Activity of Piper Nigrum and Cinnamomum Verum in PVA-Starch Hydrogel Matrix Membrane / _cHafsa Iqbal. |
||
| 260 |
_aIslamabad : _bSCME - NUST, _c2017. |
||
| 300 |
_aix, 44 p. ill. : _c30cm. |
||
| 942 |
_2ddc _cTHE |
||
| 650 |
_aChemical Engineering - MS Thesis. _916130 |
||
| 700 |
_aDr. Sarah Farrukh. _916145 |
||